Crisis economics (Record no. 757359)

MARC details
000 -LEADER
fixed length control field 00964nam a2200301Ia 4500
003 - CONTROL NUMBER IDENTIFIER
control field OSt
005 - DATE AND TIME OF LATEST TRANSACTION
control field 20220928114903.0
008 - FIXED-LENGTH DATA ELEMENTS--GENERAL INFORMATION
fixed length control field 220927b |||||||| |||| 00| 0 eng d
037 ## - SOURCE OF ACQUISITION
Terms of availability Textual
040 ## - CATALOGING SOURCE
Original cataloging agency SDCL
Transcribing agency SDCL
Language of cataloging eng
041 ## - LANGUAGE CODE
Source of code eng
Language code of text/sound track or separate title eng
100 ## - MAIN ENTRY--PERSONAL NAME
Personal name Roubini Nouriel
9 (RLIN) 442011
245 #0 - TITLE STATEMENT
Title Crisis economics
Remainder of title A crash course in the future of finance
260 ## - PUBLICATION, DISTRIBUTION, ETC.
Place of publication, distribution, etc. New Delhi
Name of publisher, distributor, etc. Allen Lane (Penguine Books)
Date of publication, distribution, etc. 2010
300 ## - PHYSICAL DESCRIPTION
Extent x,353p.
Dimensions cm.
650 ## - SUBJECT ADDED ENTRY--TOPICAL TERM
Topical term or geographic name entry element Financial bubble
9 (RLIN) 419743
650 ## - SUBJECT ADDED ENTRY--TOPICAL TERM
Topical term or geographic name entry element Financial crisis
9 (RLIN) 442012
650 ## - SUBJECT ADDED ENTRY--TOPICAL TERM
Topical term or geographic name entry element Global financial systems
9 (RLIN) 442013
650 ## - SUBJECT ADDED ENTRY--TOPICAL TERM
Topical term or geographic name entry element Financial Studies
700 ## - ADDED ENTRY--PERSONAL NAME
Personal name Mihm Stephen
9 (RLIN) 442014
942 ## - ADDED ENTRY ELEMENTS (KOHA)
Classification part X61.1'P, P0
Koha item type Textual
Source of classification or shelving scheme Colon Classification (CC)
Holdings
Withdrawn status Lost status Damaged status Not for loan Home library Current library Date acquired Source of acquisition Total Checkouts Full call number Barcode Date last seen Price effective from Koha item type
        South Campus Library South Campus Library 2022-09-28 47, 13/12/2019, Capital Book Agency   X61.1'P P0 SC1625047 2022-09-28 2022-09-28 Textual
Copyright @ Delhi University Library System